Wanita djantan dari Tha Seng Tjhung. (Record no. 66979)
[ view plain ]
| 000 -LEADER | |
|---|---|
| fixed length control field | 00554cam a22002171 4500 |
| 001 - CONTROL NUMBER | |
| control field | sa 66000013 |
| 003 - CONTROL NUMBER IDENTIFIER | |
| control field | DLC |
| 005 - DATE AND TIME OF LATEST TRANSACTION | |
| control field | 20260227112211.0 |
| 008 - FIXED-LENGTH DATA ELEMENTS--GENERAL INFORMATION | |
| fixed length control field | 900112q19601969io 000 0 ind |
| 010 ## - LIBRARY OF CONGRESS CONTROL NUMBER | |
| LC control number | sa 66000013 |
| 025 ## - OVERSEAS ACQUISITION NUMBER | |
| Overseas acquisition number | PL480:Indo-2046 |
| 035 ## - SYSTEM CONTROL NUMBER | |
| System control number | (OCoLC)20893003 |
| 040 ## - CATALOGING SOURCE | |
| Original cataloging agency | DLC |
| Transcribing agency | OCoLC |
| Modifying agency | DLC |
| 042 ## - AUTHENTICATION CODE | |
| Authentication code | premarc |
| 050 00 - LIBRARY OF CONGRESS CALL NUMBER | |
| Classification number | PL5089.O3 |
| Item number | W3 |
| 100 1# - MAIN ENTRY--PERSONAL NAME | |
| Personal name | Oey, Tiong Ho. |
| 245 10 - TITLE STATEMENT | |
| Title | Wanita djantan dari Tha Seng Tjhung. |
| 260 ## - PUBLICATION, DISTRIBUTION, ETC. | |
| Place of publication, distribution, etc. | Tasikmalaja, |
| Name of publisher, distributor, etc. | Swandjaja |
| Date of publication, distribution, etc. | [196-?] |
| 300 ## - PHYSICAL DESCRIPTION | |
| Extent | 58 p. |
| Dimensions | 15 cm. |
| 490 0# - SERIES STATEMENT | |
| Series statement | Kiam Hiap, |
| Volume/sequential designation | no. 1 |
No items available.